| 000 | 01228nam2a22002411 4500 | ||
|---|---|---|---|
| 001 | rc\697733 | ||
| 005 | 20250621222747.0 | ||
| 035 | _a(NLR Aleph) 005954606 | ||
| 090 |
_a6795012 _c6795012 |
||
| 100 | _a20031121d1986 |||y0rusy50 ca | ||
| 101 | 0 | _arus | |
| 102 | _aRU | ||
| 105 | _ay ||||||||| | ||
| 200 | 0 | _aЧ. 4 | |
| 210 |
_d1986 _aБ. м. |
||
| 215 | _a207 с. | ||
| 333 | _aДСП. Экз. № 002056 | ||
| 461 | 0 |
_1001rc\697729 _12001#$aСборник руководящих и методических материалов по научно-технической информации и пропаганде в бытовом обслуживании населения$fМ-во быт. обслуживания населения РСФСР$vЧ. 4 _96794975 _cМ. _d1985 _fМ-во быт. обслуживания населения РСФСР _nЦБНТИ _tСборник руководящих и методических материалов по научно-технической информации и пропаганде в бытовом обслуживании населения _vЧ. 4 |
|
| 801 | 0 |
_aRU _bNLR _gpsbo |
|
| 801 | 1 |
_aRU _bELAR _2rusmarc |
|
| 852 |
_aNLR _j86-50К/7583 |
||
| 942 | _cBOOK | ||
| 980 | _aNB | ||